00815nam a2200193 i 450000100060000000300090000600500170001500700030003200800410003510000340007624502000011026000390031030000290034970000400037870000340041885200310045299900170048395201210050095887ES-MaACL20230906181808.0t|050607s1949 sp ||||1| spa d1 aMac Fadden, Charles J.97502513aLa filosofía del comunismo / cpor Charles J. McFedden...; prólogo de Mons, Fulton J. Sheen...; traducción del inglés de la última edición norteamericana por el R. P. Lope Cilleruelo. aValladolid : bS.E.V.E.R., c1949. aXXXII, 421 p. ; c22 cm. aSheen, Fulton J.d1895-197992273011 aLope Cilleruelo, R. P.973277 aES-MaACLjD-8061 bR.28948 c95887d95887 00104070aATENEOMbATENEOMcSVId2008-01-17eSCl0oD-8061p901100120r2023-02-23 00:00:00w2023-02-23yMONOGRAFIA